Statistiken für Niemiec

Klicken Sie hier um das Quiz zu spielen!

Allgemein

  • Dieses Quiz wurde 5 mal gespielt
  • Das Durchschnittsergebnis liegt bei 7 aus 27

Antwortstatistiken

HintAntwort% Korrekt
Telefon komdas Handy
60%
Szybkoschnell
60%
Wydawaćausgeben
40%
Tanibillig
40%
Młodzieżdie Jugenliche
40%
Nastolatkowiedie Teenager
40%
Pustyleer
40%
Drogiteuer
40%
Oprócz tegoauberdem
20%
Posiadaćbesitzen
20%
Prezentdas Geschenk
20%
Rozwiązaniedie Losung
20%
Kręcićdrehen
20%
Umożliwiająerlauben
20%
Osiągnąć przezerreichen uber
20%
W wiekuim Alter
20%
Średnioim Schnitt
20%
Możnakann man
20%
W środku miesiącaMitte des Monats
20%
Przez komórkeper Handy
20%
Na miesiąćpro Monat
20%
Czynićtun
20%
Wysłaćverschicken
20%
Pokazywaćzeigen
20%
W każdej chwilizu jeder Zeit
20%
Potrzebny prezentein nutzliches Geschenk
0%
Mimo totroztdem
0%

Verteilung der Resultate

Perzentil nach korrekt beantworteten Fragen

Anzahl Personen mit jedem Resultat

Ihre Resultats-Entwicklung

Sie haben dieses Quiz noch nicht gespielt